| 000 | 00429nam a2200157 4500 | ||
|---|---|---|---|
| 001 | 9515 | ||
| 005 | 20230410105511.0 | ||
| 008 | 060907n1995 dr spa | ||
| 035 | _9funglode9594 | ||
| 041 | _aEN | ||
| 050 | 1 | 4 | _aHC 430.5 E19 1995 |
| 245 | 0 | _aEconomic development Taiwan, Republic of China | |
| 260 |
_aTaipie : _bCouncil for Economic Planning and Development, _c1995 |
||
| 300 | _a43 p | ||
| 942 |
_2lcc _cbk |
||
| 999 |
_c37986 _d37986 |
||